LEADER 01077nam0-22003131i-450- 001 990007474120403321 005 20060322163441.0 035 $a000747412 035 $aFED01000747412 035 $a(Aleph)000747412FED01 035 $a000747412 100 $a20030814d1982----km-y0itay50------ba 101 0 $aita 200 1 $a<>fondo librario Almagią presso l'Istituto di Geografia Umana dell'Universitą degli studi di Milano 210 $aMilano$cUnicopli$d1982 215 $av.$d25 cm 225 1 $aStudi e ricerche sul territorio 327 0 $a2.: Miscellanea 610 0 $aGeografia storica$aCatalogo 610 0 $aCartografia storica$aCatalogo 700 1$aAlmagią,$bRoberto$f<1884-1962>$04190 712 02$aUniversitą degli studi di Milano.$bIstituto di geografia umana 801 0$aIT$bUNINA$gRICA$2UNIMARC 901 $aBK 912 $a990007474120403321 952 $aA-G 0359$bI.G.1700$fILFGE 959 $aILFGE 996 $aFondo librario Almagią presso l'Istituto di Geografia Umana dell'Universitą degli studi di Milano$9674612 997 $aUNINA LEADER 00814nam0-22002891i-450- 001 990001635300403321 005 20050331101022.0 035 $a000163530 035 $aFED01000163530 035 $a(Aleph)000163530FED01 035 $a000163530 100 $a20030910d1965----km-y0itay50------ba 101 0 $aita 200 1 $a<>mosca delle olive$fGiuseppe M. Martelli 210 $aBari$cOsservatorio per le Malattie delle Piante per la Puglia e la Basilicata$d1965 215 $a49 p.$d24 cm 610 0 $aOlive 610 0 $aDiptera 676 $a634.639 700 1$aMartelli,$bGiuseppe M.$0353186 801 0$aIT$bUNINA$gRICA$2UNIMARC 901 $aBK 912 $a990001635300403321 952 $a60 581.23 B 2$b41201$fFAGBC 959 $aFAGBC 996 $aMosca delle olive$9367477 997 $aUNINA